Demonyms of Former Countries and Disputed Terrriories - Statistics

General Stats
  • This quiz has been taken 59 times
  • The average score is 13 of 15
Answer Stats
Former Country/Disputed Territory Demonym % Correct
Soviet Union Soviet
100%
East Germany East German
98%
Austro-Hungarian Empire Austro-Hungarian
95%
Palestine Palestinian
95%
Yugoslavia Yugoslav
95%
Ottoman Empire Ottoman
93%
South Ossetia South Ossetian
93%
The Confederacy Confederate
90%
Greenland Greenlander/Greenlandic
90%
Tibet Tibetan
90%
Western Sahara Western Saharan/Sahrawi/Saharawi
83%
Newfoundland Newfoundlander
79%
Tannu Tuva Tuvan
76%
Gibraltar Gibraltarian
60%
Manchukuo Manchurian
60%
No matching quizzes found
Score Distribution
Percent of People with Each Score
Percentile by Number Answered
Your Score History
You have not taken this quiz